L'expansió de la corona catalanoaragonesa / realització : Montserrat Guasch Solé Montserrat Guasch Solé
Publicado:
[Barcelona] :
Museu Marítim, Drassanes Reials de Barcelona, Departament d'Educació, [199 - ?]
Descripción Física:
52 p. : il. col. ; 26,7 cm
Otros Autores:
Guasch Solé, Montserrat
MARC
| LEADER | 00000nam a2200000Ia 4500 | ||
|---|---|---|---|
| 001 | 13083 | ||
| 008 | 160829s9999 xx 000 0 cat d | ||
| 080 | |a H-2-112 | ||
| 245 | |a L'expansió de la corona catalanoaragonesa / realització : |b Montserrat Guasch Solé | ||
| 260 | |a [Barcelona] : |b Museu Marítim, Drassanes Reials de Barcelona, Departament d'Educació, [199 - ?] | ||
| 300 | |a 52 p. : |b il. col. ; |c 26,7 cm | ||
| 650 | |a Corona catalanoaragonesa |x Història |9 37576 | ||
| 650 | |a Catalunya |x Història |9 24030 | ||
| 700 | |a Guasch Solé, Montserrat |9 37577 | ||
| 710 | 1 | |a Museu Marítim (Barcelona, Catalunya). |b Departament d'Educació |9 54413 | |
| 901 | |a Arxiu | ||
| 942 | |n 1 | ||
| 952 | |0 0 |1 0 |4 0 |6 H2112 |7 1 |9 47937 |a Arxiu |b Arxiu |d 2016-12-01 |l 0 |o H-2-112 |p 13083 |r 2016-12-01 00:00:00 |w 2016-12-01 |y ARXIU | ||
| 999 | |c 51737 |d 51737 | ||